<?xml version="1.0" encoding="UTF-8"?>
<record
    xmlns:xsi="http://www.w3.org/2001/XMLSchema-instance"
    xsi:schemaLocation="http://www.loc.gov/MARC21/slim http://www.loc.gov/standards/marcxml/schema/MARC21slim.xsd"
    xmlns="http://www.loc.gov/MARC21/slim">

  <leader>00851nam a22001817a 4500</leader>
  <controlfield tag="005">20250609110225.0</controlfield>
  <datafield tag="010" ind1=" " ind2=" ">
    <subfield code="a">HIN-129777</subfield>
  </datafield>
  <datafield tag="020" ind1=" " ind2=" ">
    <subfield code="a">9789358191103</subfield>
    <subfield code="c">242.00</subfield>
  </datafield>
  <datafield tag="035" ind1=" " ind2=" ">
    <subfield code="a">HN-102123</subfield>
  </datafield>
  <datafield tag="037" ind1=" " ind2=" ">
    <subfield code="b">DBAD/PUB</subfield>
  </datafield>
  <datafield tag="082" ind1=" " ind2=" ">
    <subfield code="a">158.1</subfield>
    <subfield code="2">1</subfield>
  </datafield>
  <datafield tag="100" ind1=" " ind2=" ">
    <subfield code="a">&#x92E;&#x928;&#x94D;&#x928;&#x91C;&#x94D;&#x92F;&#x93E;, &#x92E;&#x928;&#x940;&#x937; </subfield>
    <subfield code="9">81768</subfield>
  </datafield>
  <datafield tag="245" ind1=" " ind2=" ">
    <subfield code="a">&#x91C;&#x940;&#x935;&#x928; &#x91C;&#x940;&#x928;&#x93E; &#x915;&#x948;&#x938;&#x947; &#x938;&#x940;&#x916;&#x947;:</subfield>
    <subfield code="b">&#x91C;&#x940;&#x935;&#x928; &#x90F;&#x915; &#x905;&#x92D;&#x93F;&#x92F;&#x93E;&#x928; &#x939;&#x948; &#x907;&#x938;&#x947; &#x915;&#x930;&#x940;&#x92C; &#x938;&#x947; &#x92E;&#x939;&#x938;&#x942;&#x938; &#x915;&#x930;&#x947;&#x902;/</subfield>
    <subfield code="c">&#x92E;&#x928;&#x940;&#x937; &#x92E;&#x928;&#x94D;&#x928;&#x91C;&#x94D;&#x92F;&#x93E;</subfield>
  </datafield>
  <datafield tag="260" ind1=" " ind2=" ">
    <subfield code="a">&#x928;&#x908; &#x926;&#x93F;&#x932;&#x94D;&#x932;&#x940; </subfield>
    <subfield code="b">&#x92C;&#x94D;&#x932;&#x942; &#x930;&#x94B;&#x91C; &#x935;&#x928;</subfield>
    <subfield code="c">2023 </subfield>
  </datafield>
  <datafield tag="270" ind1=" " ind2=" ">
    <subfield code="a">&#x928;&#x908; &#x926;&#x93F;&#x932;&#x94D;&#x932;&#x940; </subfield>
    <subfield code="b">&#x928;&#x908; &#x926;&#x93F;&#x932;&#x94D;&#x932;&#x940; </subfield>
    <subfield code="k">91 8882898898 </subfield>
    <subfield code="m">info@bluerosepublishers.com</subfield>
  </datafield>
  <datafield tag="300" ind1=" " ind2=" ">
    <subfield code="a">148&#x92A;&#x943;.</subfield>
    <subfield code="c">20&#x938;&#x947;.&#x92E;&#x940;.(&#x905;&#x91C;&#x93F;&#x932;&#x94D;&#x926;)</subfield>
  </datafield>
  <datafield tag="942" ind1=" " ind2=" ">
    <subfield code="2">ddc</subfield>
    <subfield code="c">HN</subfield>
    <subfield code="h">158.1 </subfield>
    <subfield code="m">&#x92E;&#x928;&#x94D;&#x928;&#x91C;&#x94D;&#x92F;&#x93E; </subfield>
    <subfield code="e">1 </subfield>
  </datafield>
  <datafield tag="999" ind1=" " ind2=" ">
    <subfield code="c">211646</subfield>
    <subfield code="d">211646</subfield>
  </datafield>
  <datafield tag="952" ind1=" " ind2=" ">
    <subfield code="0">0</subfield>
    <subfield code="1">0</subfield>
    <subfield code="4">0</subfield>
    <subfield code="7">0</subfield>
    <subfield code="8">NFIC</subfield>
    <subfield code="a">ZLS</subfield>
    <subfield code="b">ZLS</subfield>
    <subfield code="d">2025-06-09</subfield>
    <subfield code="e">DBAD</subfield>
    <subfield code="g">242.00</subfield>
    <subfield code="l">0</subfield>
    <subfield code="o">158.1  &#x92E;&#x928;&#x94D;&#x928;&#x91C;&#x94D;&#x92F;&#x93E; </subfield>
    <subfield code="p">HN-102123</subfield>
    <subfield code="r">2025-06-09 00:00:00</subfield>
    <subfield code="t">1</subfield>
    <subfield code="v">242.00</subfield>
    <subfield code="w">2025-06-09</subfield>
    <subfield code="y">HN</subfield>
  </datafield>
</record>
